<?xml version="1.0" encoding="UTF-8"?>
<collection xmlns="http://www.loc.gov/MARC21/slim">
  <record>
    <leader>00000nam  2200000   4500</leader>
    <controlfield tag="001">INLIS000000000009490</controlfield>
    <controlfield tag="005">20201203092858</controlfield>
    <datafield tag="035" ind1="#" ind2="#">
      <subfield code="a">0010-1220000008</subfield>
    </datafield>
    <controlfield tag="007">ta</controlfield>
    <controlfield tag="008">201203################g##########0#eng##</controlfield>
    <datafield tag="020" ind1="#" ind2="#">
      <subfield code="a">9718927035</subfield>
    </datafield>
    <datafield tag="082" ind1="#" ind2="#">
      <subfield code="a">320.599</subfield>
    </datafield>
    <datafield tag="084" ind1="#" ind2="#">
      <subfield code="a">320.599 Ram b</subfield>
    </datafield>
    <datafield tag="100" ind1=" " ind2="#">
      <subfield code="a">Ramos, Fidel V.</subfield>
    </datafield>
    <datafield tag="245" ind1="1" ind2="#">
      <subfield code="a">Break not Peace The Story of the GRP-MNLF Peace Negotiations 1992-1996 /</subfield>
      <subfield code="c">Fidel V. Ramos (President of the Philippines)</subfield>
    </datafield>
    <datafield tag="260" ind1="#" ind2="#">
      <subfield code="a">Philippines :</subfield>
      <subfield code="b">Friends of Steady Eddie,</subfield>
      <subfield code="c">1996</subfield>
    </datafield>
    <datafield tag="300" ind1="#" ind2="#">
      <subfield code="a">vii + 252 hlm. :</subfield>
      <subfield code="b">ilus ;</subfield>
      <subfield code="c">24 cm</subfield>
    </datafield>
    <datafield tag="650" ind1="#" ind2="#">
      <subfield code="a">1. Politik, Plhilippina</subfield>
    </datafield>
    <datafield tag="856" ind1="#" ind2="#">
      <subfield code="a">Perpustakaan Lembaga Administrasi Negara</subfield>
    </datafield>
    <datafield tag="990" ind1="#" ind2="#">
      <subfield code="a">170518947</subfield>
    </datafield>
  </record>
</collection>
